Niñez en riesgo camina al emprendimiento : (Record no. 1208)

000 -CABECERA
fixed length control field 01011nam a22002417a 4500
003 - IDENTIFICADOR DEL NÚMERO DE CONTROL
control field AR-CdUCM
008 - DATOS DE LONGITUD FIJA--INFORMACIÓN GENERAL
fixed length control field 190226b ||||| |||| 00| 0 spa d
040 ## - FUENTE DE LA CATALOGACIÓN
Agencia/entidad que catalogó originalmente la obra MUNICIPALIDAD PROVINCIAL DEL CUSCO
Entidad que transcribió la catalogación BIBLIOTECA MUNICIPAL DEL CUSCO
082 ## - NÚMERO DE LA CLASIFICACIÓN DECIMAL DEWEY
No. de Clasificación 362.7 /
Notacion interna F49
100 ## - ENTRADA PRINCIPAL--NOMBRE DE PERSONA
Nombre Personal Figueroa Arias, Luz Marina
245 ## - MENCIÓN DE TÍTULO
Título Niñez en riesgo camina al emprendimiento :
Resto del título la experiencia de Inti Runakunaq Wasin (IRW) /
260 ## - PUBLICACIÓN, DISTRIBUCIÓN, ETC.
Lugar de publicación, distribución, etc. [Cusco] :
Nombre de la editorial, distribuidor, etc. Nicograft.
300 ## - DESCRIPCIÓN FÍSICA
Nº de Páginas Extensión 106 páginas ;
Dimensiones 21 cm.
505 ## - NOTA DE CONTENIDO CON FORMATO
Nota de contenido formateada Contenido: Vidas en riesgo -- Niños y adolescentes en situación de riesgo -- Una casa creativa para niños en situación de riesgo -- Vidas en camino al emprendimiento -- la ruta de los sueños de Inti Runakunaq Wasin ...
650 ## - PUNTO DE ACCESO ADICIONAL DE MATERIA--TÉRMINO DE MATERIA
Descriptor Inti Runakunaq Wasin
9 (RLIN) 4719
650 ## - PUNTO DE ACCESO ADICIONAL DE MATERIA--TÉRMINO DE MATERIA
Descriptor Niñez, adolescencia en riesgo
9 (RLIN) 4720
650 ## - PUNTO DE ACCESO ADICIONAL DE MATERIA--TÉRMINO DE MATERIA
Descriptor Pobreza
9 (RLIN) 4721
650 ## - PUNTO DE ACCESO ADICIONAL DE MATERIA--TÉRMINO DE MATERIA
Descriptor Servicios sociales de bienestar
9 (RLIN) 4722
650 ## - PUNTO DE ACCESO ADICIONAL DE MATERIA--TÉRMINO DE MATERIA
Descriptor Cusco
9 (RLIN) 772
650 ## - PUNTO DE ACCESO ADICIONAL DE MATERIA--TÉRMINO DE MATERIA
Descriptor Perú
9 (RLIN) 35
942 ## - ELEMENTOS DE PUNTO DE ACCESO ADICIONAL (KOHA)
Fuente de clasificación
Tipo de item Libros-BMC
945 ## - PROCESAMIENTO DE INFORMACIÓN LOCAL (OCLC)
Catalogador lccs
AAAA-MM-DD - Fecha de ingreso o modificacion 2019-02-26
Holdings
Estado de retiro (separado) Fuente de clasificación o esquema de estanterías Estado dañado Ubicación Sala donde se ubica Nombre de la colección Fecha de adquisición o compra Costo, precio normal en soles Signatura topográfica Código de Barras Última vez visto (Koha) Tipo de ítem (Koha) Número de Ejemplar
No     Sala Humanidades Sala Humanidades Book Cart 2019-02-26 10.00 362.7 / F49 SH0000001471 2019-02-26 Libros-BMC  
No     Sala Humanidades Sala Humanidades Book Cart 2019-02-26 10.00 362.7 / F49 / e.2 SH0000001472 2019-02-26 Libros-BMC 2ej.

Powered by Koha